| 000 | 01356nam a2200325Ia 4500 | ||
|---|---|---|---|
| 001 | ebr10372274 | ||
| 003 | CaPaEBR | ||
| 006 | m u | ||
| 007 | cr cn||||||||| | ||
| 008 | 091026s2010 mau sb 001 0 eng d | ||
| 010 | _z 2009042388 | ||
| 020 | _z9780976404187 (hardcover : alk. paper) | ||
| 040 |
_aCaPaEBR _cCaPaEBR |
||
| 035 | _a(OCoLC)607553940 | ||
| 050 | 1 | 4 |
_aQH332 _b.A885 2010eb |
| 082 | 0 | 4 |
_a241/.64957 _222 |
| 245 | 0 | 0 |
_aAt the roots of Christian bioethics _h[electronic resource] : _bcritical essays on the thought of H. Tristram Engelhardt, Jr. / _cedited by Ana Smith Iltis and Mark J. Cherry. |
| 260 |
_aSalem, MA : _bM & M Scrivener Press, _c2010. |
||
| 300 | _axvi, 339 p. | ||
| 504 | _aIncludes bibliographical references and index. | ||
| 533 |
_aElectronic reproduction. _bPalo Alto, Calif. : _cebrary, _d2010. _nAvailable via World Wide Web. _nAccess may be limited to ebrary affiliated libraries. |
||
| 600 | 1 | 0 |
_aEngelhardt, H. Tristram _q(Hugo Tristram), _d1941- |
| 650 | 0 | _aBioethics. | |
| 650 | 0 |
_aBioethics _xReligious aspects _xChristianity. |
|
| 655 | 7 |
_aElectronic books. _2local |
|
| 700 | 1 | _aIltis, Ana Smith. | |
| 700 | 1 | _aCherry, Mark J. | |
| 710 | 2 | _aebrary, Inc. | |
| 856 | 4 | 0 |
_uhttp://site.ebrary.com/lib/rucke/Doc?id=10372274 _zAn electronic book accessible through the World Wide Web; click to view |
| 999 |
_c98674 _d98674 |
||